Mercados, intercambio regional y desarrollo de las desigualdades: Quiché 1973 /
Guardat en:
| Autor principal: | |
|---|---|
| Format: | Text |
| Etiquetes: |
Afegir etiqueta
Sense etiquetes, Sigues el primer a etiquetar aquest registre!
|
MARC
| LEADER | 00000 a a2200000 04500 | ||
|---|---|---|---|
| 001 | 7797 | ||
| 003 | |||
| 040 | |||
| 100 | |a Demyk, Noelle | ||
| 245 | |a Mercados, intercambio regional y desarrollo de las desigualdades: |b Quiché 1973 / |c Noelle Demyk | ||
| 773 | |g número 13; páginas 9-43 | ||
| 999 | |c 37169 |d 37169 | ||
